| 000 | 00724nam a2200217Ia 4500 | ||
|---|---|---|---|
| 003 | IN-BaIIA | ||
| 008 | 211028s9999 xx 000 0 eng d | ||
| 040 | _cIIA Library | ||
| 080 |
_a083:52 _bMEG-32 |
||
| 100 | _aMeggers, W. F. | ||
| 245 | 0 |
_aTables of spectral-line intensities _bpt. 1, arranged by elements _cMeggers W. F., Corliss C. H. and B. F. Scribner |
|
| 250 | _a2nd ed. | ||
| 260 |
_aWashington _bU. S. Government Printing Office _c1975 |
||
| 300 | _axv, 387p. | ||
| 490 | _aNational bureau of standards monograph; 145 | ||
| 650 | _aNASA thesaurus | ||
| 650 |
_aTables - spectra _9101 |
||
| 700 | _aCorliss, C. H. | ||
| 700 | _aScribner, B. F. | ||
| 942 | _cBK | ||
| 999 |
_c10301 _d10301 |
||